000
00326nam a22001337a 4500
008
250314b |||||||| |||| 00| 0 eng d
020
_a
9783527307845
050
_a
QH505
_b
.P76
100
_a
Buchner Johannes
245
_a
Protein Folding Handbook
260
_a
Weinheim
_b
Wiley-VCH
_c
2005
300
_a
LXIV,572P
942
_c
BK
999
_c
2321
_d
2321